[Event "NRW-Cup Masters op"]
[Site "Muenster"]
[Date "1997.10.13"]
[Round "5"]
[White "Dautov, Rustem"]
[Black "Lau, Ralf"]
[Result "1-0"]
[WhiteElo "2590"]
[BlackElo "2500"]
[Annotator "Dautov,R"]
[PlyCount "79"]
[EventDate "1997.10.??"]
[EventType "swiss"]
[EventRounds "9"]
[EventCountry "GER"]
[SourceTitle "CBM 061"]
[Source "ChessBase"]
[SourceDate "1997.11.23"]
[SourceVersion "1"]
[SourceVersionDate "1997.11.23"]
[SourceQuality "1"]

1. d4 Nf6 2. Nf3 e6 3. c4 c5 4. d5 exd5 5. cxd5 d6 6. Nc3 g6 7. h3 Bg7 8. e4
O-O 9. Bd3 b5 10. Bxb5 Nxe4 11. Nxe4 Qa5+ 12. Nfd2 Qxb5 13. Nxd6 Qa6 14. N2c4
Nd7 15. O-O Nb6 16. Nxb6 Qxb6 17. Nxc8 Raxc8 18. Rb1 Qb7 $2 $146 (18... Qd6 19.
Bg5 h6 20. Be3 Rfd8 21. Qa4 Qxd5 22. Qxa7 c4 23. Qa4 Ra8 24. Qc2 Rxa2 25. Rfd1
Qa8 26. Rxd8+ Qxd8 27. Qxc4 Rxb2 28. Rxb2 Bxb2 29. Bxh6 $14 {Ibragimov,
I-Nepomnishay,M/St.Petersburg op/1995}) (18... Rfd8 $1 19. Bf4 Qb7 20. d6 Bf8
21. Qd3 (21. Qd2 Bxd6 22. Bxd6 Rc6 23. Rfd1 Qa6 24. Qg5 Rdxd6 25. Rxd6 Rxd6 26.
Qxc5 Qxa2 $11 {Karpov,A-Topalov,V/Supertorneo Las Palmas 1996/CBM 57}) 21...
Bxd6 22. Bxd6 Rc6 23. Rfd1 Rcxd6 24. Qxd6 Rxd6 25. Rxd6 c4 26. Rd2 c3 27. Rc2
Qe4 28. Rbc1 cxb2 29. Rxb2 $14 {Legky-Hamdouchi/Ch France (team) 1997}) 19. d6
Rfd8 20. Bg5 $1 Rd7 (20... f6 21. Bf4 Bf8 22. Qd3 Rc6 23. Qd5+ Kg7 24. b4 $16)
21. Bf4 Bf8 22. Qa4 $16 Bxd6 (22... Qc6 23. Qxc6 Rxc6 24. Rfd1 Bxd6 25. Rd5 Kf8
26. g4 $1 f6 (26... Rd8 27. Rbd1 Ke7 28. Re1+ Kd7 (28... Kf8 $2 29. Bh6+ Kg8
30. Red1 $18) 29. Bxd6 Rxd6 30. Rxc5 Rd2 31. Ra5 $16) 27. Rbd1 Ke7 28. h4 Rd8 (
28... a5 29. g5 fxg5 30. hxg5 {/\Be5,f4}) 29. g5 f5 30. Be5 Ke6 31. f4 $16) 23.
Rfd1 (23. Rbd1 $1 Qc7 (23... Rcd8 24. Rxd6 Rxd6 25. Bxd6 Rxd6 26. Qe8+ Kg7 27.
Qe5+ Rf6 28. Rc1 Qa6 29. a3 c4 30. Qd4 $16) 24. Rfe1 $1 Rcd8 25. Rxd6 Rxd6 26.
Re8+ Kg7 27. Be5+ f6 28. Rxd8 Qxd8 29. Bxd6 Qxd6 30. Qxa7+ $16) 23... Qc7 24.
Bxd6 (24. Rd5 Rdd8) 24... Rxd6 25. Rxd6 Qxd6 26. Qxa7 Qd3 27. Rf1 Qc2 (27... c4
28. Qb7 Re8 29. a4 $16) 28. b3 (28. Qa6 Re8 (28... Rb8 29. b3) (28... Rd8 29.
Qf6 Rb8 30. Re1 $16) 29. b3 Re2 30. a4 Rd2 {/\Rd3}) 28... c4 (28... Rd8 {/\Rd2}
29. Re1 (29. Qa5 Rd2 30. a3 Rd3 $132) 29... Kg7 (29... Rd2 30. Qb8+ Kg7 31.
Qe5+ $18) 30. Qe7 Ra8 31. Qe5+ Kg8 32. Qa1 $16) 29. bxc4 Qxc4 (29... Rxc4 {>=}
30. Qb8+ Kg7 31. Qb3 $16) 30. a4 Qd5 $138 31. Qe3 Qa2 $2 (31... Qa5 32. Qe4 $16
) 32. Qd4 Rc4 33. Ra1 $1 $18 Qb3 $6 (33... Qc2 34. Qe5 Re4 35. Qb8+ Kg7 36. a5
Qc3 37. Qb1 $1 Re2 38. a6 Qf6 39. Kh1 $1 Qxf2 40. Qg1 Qxg1+ 41. Kxg1 Re8 42. a7
Ra8 43. Ra6 f5 44. Kf2 $18) 34. Qe5 Qc2 35. a5 Re4 36. Qf6 Re6 37. Qd8+ Kg7 38.
Qd4+ Kh6 39. a6 Re4 40. Qf6 1-0

[Event "Julian Borowski 1st"]
[Site "Essen"]
[Date "1999.03.31"]
[Round "5"]
[White "Dautov, Rustem"]
[Black "Lobron, Eric"]
[Result "0-1"]
[WhiteElo "2598"]
[BlackElo "2553"]
[Annotator "Dautov,R"]
[PlyCount "112"]
[EventDate "1999.03.??"]
[EventType "tourn"]
[EventRounds "9"]
[EventCountry "GER"]
[EventCategory "14"]
[SourceTitle "CBM 071"]
[Source "ChessBase"]
[SourceDate "1999.08.01"]
[SourceVersion "1"]
[SourceVersionDate "1999.08.01"]
[SourceQuality "1"]

1. d4 Nf6 2. c4 e6 3. Nf3 c5 4. d5 d6 5. Nc3 exd5 6. cxd5 g6 7. e4 a6 8. h3 b5
9. Bd3 Bg7 10. O-O O-O 11. Bf4 Re8 12. Re1 Bb7 $1 {Eine gute prophylaktische
Idee. Der schwarze Läufer steht zwar sehr passiv auf b7, gewinnt aber sofort
an Kraft, kaum daß Weiß den typischen Vorstoß e4-e5 durchsetzt.} (12... Qb6 $6
13. a4 $1 c4 14. Bf1 Bb7 15. axb5 axb5 16. Rxa8 Bxa8 17. b4 Na6 18. Be3 Qb8 19.
Qb1 $14 {Vyzmanavin,A-Stefansson,H/Moscow 1989}) (12... b4 $6 13. Na4 Bd7 14.
a3 $1 $16 {Dreev,A-Milov,V/Biel 1995}) 13. a3 Qb6 14. Rc1 {Weiß bereitet b2-b4
vor, um das Feld c5 zu kontrollieren. Verzichtet er auf diesen Zug, kann ein
schwarzer Springer dieses Feld gut gebrauchen.} (14. Qd2 Nbd7 15. Re2 c4 16.
Bc2 Nc5 17. Rae1 Nfd7 18. Be3 Qc7 19. Rd1 Rac8 20. Bd4 f6 21. Be3 Ne5 $13 {
Aseev,K-Magerramov,E/Rostov 1993}) (14. e5 $2 dxe5 15. Nxe5 Rd8 {><d5}) 14...
Nbd7 15. b4 Rac8 16. Qd2 Nh5 17. Bh6 $146 (17. Bg5 Nhf6 18. Bf4 Qd8 19. Bh2 Qe7
20. g4 {1/2-1/2 Nikolaidis,I-Wojtkiewicz,A/Komotini 1993}) (17. Be3 $5) 17...
Bh8 (17... Qd8 $5 18. Bxg7 Kxg7 {/\Qf6<=>}) 18. g4 Nhf6 19. Be3 h5 $6 ({
M.E. war} 19... Qd8 $1 $132 {besser,/\Nb6, Nfd7.} 20. g5 Nh5 21. Nh2 $6 cxb4
22. axb4 Ne5 $36) 20. g5 Nh7 {Die kritische Stellung. Weiß startet nun einen
falschen Plan, er rückt seinen f-Bauern vor. Die richtige Behandlung der
Stellung bestand in der Überführung des Nc3 auf g3. Die Vorteile dieses
Manövers: 1) Der Springer "hängt" auf g3 nicht, und deswegen 2) Der Bauer e4
ist immer ausreichend geschützt; 3) Der Druck auf den schwarzen Bauern c5 wird
verstärkt (Rc1).} 21. Nh4 $2 (21. Ne2 $1 Qd8 22. h4 $1 (22. Ng3 $2 c4 23. Bf1
h4 $1 24. Nxh4 c3 25. Qc2 Nxg5) 22... Nhf8 (22... c4 23. Bb1 $14) 23. Ng3 $14
c4 24. Bf1 Ne5 25. Nxe5 Bxe5 26. f4 Bg7 27. Bd4 $16) 21... Qd8 22. f4 Nhf8 23.
Nf3 Nb6 $1 24. bxc5 dxc5 $15 {Schwarz steht bereits besser, seine Bauern auf
dem Damenflügel sind mobiler als das weiße Bauernzentrum.} 25. Qf2 {Ein
prophylaktischer Zug, in vielen Varianten drohte das Springeropfer auf d5.} (
25. Bf2 b4 26. axb4 cxb4 27. Ne2 (27. Nb1 Rxc1 28. Qxc1 Nxd5 $1 29. exd5 Qxd5
30. Rxe8 Qxf3 $17) 27... Rxc1 28. Rxc1 Nxd5 29. exd5 Qxd5 $17) (25. Ne2 $2 Nxd5
$1 $17) 25... Nfd7 {/\b4} 26. Rf1 $6 {Mit Sicherheit nicht das Beste, aber
guter Rat war Weiß schon teuer.} (26. Red1 Qe7 {/\Nd5} 27. d6 Qxd6 28. Bxb5 Qe6
$17) (26. Ne2 Bb2 27. Rb1 Bxa3 $17) (26. Bb1 Nc4) 26... Qe7 {/\Nd5} 27. Nd1 c4
28. Bc2 $2 (28. Bb1 $142) 28... Qxa3 29. f5 Bg7 (29... Qd6 30. f6 b4 $17) 30.
Nd4 Ne5 31. fxg6 fxg6 32. Ne6 Nbd7 33. Rb1 (33. Nxg7 Kxg7 $17) 33... Rxe6 $1
34. dxe6 Nf8 35. Bf4 Nxe6 36. Bxe5 Bxe5 37. Qf7+ Kh8 38. Rf3 Nxg5 39. Rxa3 Nxf7
40. Ne3 Bd4 41. Kh2 Bc5 42. Rc3 Bd4 43. Ra3 Bc5 44. Rc3 Ne5 45. Nd5 Rf8 46. Rg3
Kg7 47. Kh1 Rf2 48. Rg2 Rf3 49. Kh2 Bd6 50. Rd2 Ng4+ 51. Kg2 Rg3+ 52. Kf1 Rxh3
53. Re1 Rh1+ 54. Ke2 Rh2+ 55. Kd1 Rxd2+ 56. Kxd2 Bxd5 0-1

[Event "Bundesliga 9798"]
[Site "Germany"]
[Date "1998.03.28"]
[Round "12.1"]
[White "Dautov, Rustem"]
[Black "Womacka, Mathias"]
[Result "0-1"]
[WhiteElo "2595"]
[BlackElo "2475"]
[Annotator "Dautov,R"]
[PlyCount "76"]
[EventDate "1997.10.18"]
[EventType "team-tourn"]
[EventRounds "15"]
[EventCountry "GER"]
[SourceTitle "CBM 064"]
[Source "ChessBase"]
[SourceDate "1998.06.02"]
[SourceVersion "1"]
[SourceVersionDate "1998.06.02"]
[SourceQuality "1"]
[WhiteTeam "St Ingbert"]
[BlackTeam "Chemnitz"]
[WhiteTeamCountry "GER"]
[BlackTeamCountry "GER"]

1. d4 Nf6 2. c4 e6 3. Nf3 c5 4. d5 exd5 5. cxd5 d6 6. Nc3 g6 7. e4 Bg7 8. h3
O-O 9. Bd3 b5 10. Bxb5 Nxe4 11. Nxe4 Qa5+ 12. Nfd2 Qxb5 13. Nxd6 Qa6 14. N2c4
Rd8 $1 15. Qe2 $2 (15. Bf4 $142) 15... Bb7 16. Nxb7 (16. Qe7 $2 Rd7 $1 17. Qe8+
Bf8 $17) 16... Qxb7 17. Bf4 Qxd5 $6 (17... Rxd5 18. O-O (18. Qe8+ Bf8) 18...
Nc6 $11) 18. Rd1 Bd4 (18... Qxd1+ 19. Qxd1 Rxd1+ 20. Kxd1 Nc6 21. Be3 $14) 19.
O-O Nc6 20. Rfe1 $6 (20. b3 Re8 21. Qd2 $14) 20... Re8 $1 21. Be3 $8 (21. Qxe8+
$2 Rxe8 22. Rxe8+ Kg7 23. Rc1 (23. Ne5 Bxf2+ 24. Kxf2 Qxd1 25. Nxc6 Qa4 26.
Be5+ f6 $19) 23... Nb4 24. Be5+ Kh6 25. Bxd4 cxd4 $15) (21. Qf1 $2 Rxe1 22.
Rxe1 Nb4 $17) 21... Rab8 (21... Re6 22. b3 Rae8 $11 {>=}) 22. b3 a5 $2 23. Qd2
a4 24. Bf4 $16 Rxe1+ 25. Rxe1 Rd8 26. Nb6 (26. Bc7 $1 Rf8 27. Nb6 Qf5 28. bxa4
Nb4 29. a5 Nd3 30. Rf1 $18) 26... Qf5 27. Bc7 axb3 $5 {In Zeitnot des Gegners
nutzt Schwarz die beste praktische Chance - mit Erfolg.} (27... Rf8 28. bxa4
$16) 28. Bxd8 (28. axb3 Rf8 29. Bd6 Rd8 30. Bc7 $11) 28... b2 29. g4 Qf3 (29...
Ne5 $2 30. gxf5 Nf3+ 31. Kg2 Nxd2 32. a4 b1=Q 33. Rxb1 Nxb1 34. a5 $18) 30. Bc7
(30. Bh4 $2 Qxh3 $40) 30... Nb4 $1 {Diesen Zug habe ich vollkommen übersehen.
Schwarz plant Nd3 mit dem Angriff auf den Bauern f2, in erster Linie droht
aber 31...Qxf2+ 32. Qxf2 Bxf2+ 33.Kxf2 Nd3+ und Nxe1 mit Umwandlung des Bauern
b2. Angesichts dieser Drohungen scheint der weiße Mehrturm keine Bedeutung zu
haben (vor allem in Zeitnot).} 31. Be5 $4 $138 {Mit einem panischen Zug
schmeißt Weiß die Partie weg. Dabei gab es zwei gute Verteidigungen.} (31. Kh2
Nd3 32. Bg3 Nxe1 33. Qxe1 Bxf2 (33... Qd3 $2 34. Qe8+ Kg7 35. Nd7 $18) (33...
Qb7 34. Qe8+ Kg7 35. Nd7 (35. Qb5 $2 Qe4 $19) 35... Qxd7 36. Qxd7 b1=Q $11) 34.
Bxf2 b1=Q 35. Qxb1 Qxf2+ 36. Kh1 Qf3+ 37. Kg1 Qg3+ 38. Kf1 Qf3+ $11) (31. Nc4
$1 {Der natürlichste und wie oft der beste Zug. Der Springer wird gegen den
schrecklichen Pb2 getauscht, und der schwarze Angriff erweist sich als
unzureichend.} Nd3 (31... Qxh3 32. Nxb2 Qxg4+ 33. Kh2 Qh4+ 34. Kg2 Qg4+ 35. Bg3
$18) 32. Re8+ Kg7 33. Nxb2 Nxf2 (33... Bxf2+ 34. Kh2 $18) 34. Be5+ Bxe5 35.
Rxe5 Qg3+ (35... Nxh3+ 36. Kh2 $18) 36. Kf1 Nxh3 37. Qe3 $18) 31... Bxe5 $19
32. Nc4 (32. Qd8+ Kg7 33. Nd7 Bh2+ $1 $19) 32... Bc3 33. Qd8+ Kg7 34. Nd6 h6 $8
(34... h5 $2 35. Nf5+ gxf5 (35... Kh7 $2 36. Qf8) 36. Qg5+ $11) 35. Ne8+ Kh7
36. Qe7 Nd3 37. Rf1 Bd4 38. Kh2 Nxf2 0-1

[Event "Biel"]
[Site "Biel"]
[Date "1995.??.??"]
[Round "6"]
[White "Dreev, Alexey"]
[Black "De Firmian, Nick E"]
[Result "1-0"]
[WhiteElo "2670"]
[BlackElo "2605"]
[Annotator "Donev,I"]
[PlyCount "53"]
[EventDate "1995.07.??"]
[EventType "tourn"]
[EventRounds "13"]
[EventCountry "SUI"]
[EventCategory "15"]
[SourceTitle "CBM 049"]
[Source "ChessBase"]
[SourceDate "1995.12.01"]
[SourceVersion "1"]
[SourceVersionDate "1995.12.01"]
[SourceQuality "1"]

1. d4 {Giese} Nf6 2. c4 e6 3. Nf3 c5 4. d5 exd5 5. cxd5 d6 6. Nc3 g6 7. e4 Bg7
8. h3 O-O 9. Bd3 b5 10. Nxb5 Re8 11. O-O Nxe4 12. Re1 a6 13. Na3 Nf6 14. Rxe8+
Nxe8 15. Bg5 Bf6 16. Qd2 Nd7 17. Nc4 Bb7 18. Be4 Bxg5 19. Nxg5 Ndf6 20. Re1 $14
{Weiß stehet besser weil seine Figuren besser plaziert sind.Außerdem der
schwarze Monarch stehet schlechter im vergleich mit seine Kolege weil, die
Schwarze felder (nach dem abtausch die schwarzfarbigen Läufer)abgeschwächt
sind.} h6 $2 {Das ist eine einladung für Königsangriff sowieso abgeschwächte
König. [#] [#]} (20... Nc7 $142 {/\h6} 21. Qf4 $1 $36) 21. Nxf7 $1 {[%csl Gd2,
Ge1,Ge4,Rg6,Rh6] Nach dieser Springeropfer für bekommt weiß zwei Bauern,
aktiver Dame und Initiative.} Kxf7 22. Qxh6 Ng7 (22... Nxe4 23. Qh7+ {Wichtige
Zwischen schach.} (23. Rxe4 {Dreev} Nf6 (23... Bxd5 24. Qh7+ $18) 24. Rf4 Bxd5
25. Ne3 $1 {[%csl Rd5,Rf6][%cal Ye3g4]} Be4 $1 {[%csl Gg6] Fritz3} (25... Ke6
$2 26. Qxg6 $18) (25... Be6 $2 26. Qh7+ Kf8 27. Qxg6 $18) 26. g4 $5 {[%csl Rf6]
[%cal Yg4g5]} Qh8 27. Qxh8 (27. Qg5 Rd8 $19) 27... Rxh8 28. g5 Rxh3 {[%cal
Yh3h1,Ge4h1]} 29. Rxf6+ Ke7 30. Kf1 {_|_ -/+/(-+) _|_ -/+/(-+)}) 23... Ng7 (
23... Kf8 24. Rxe4 Nf6 25. Rf4 g5 26. Rf5 Bxd5 27. Qg6 $18) (23... Kf6 24. Rxe4
Ng7 25. Rg4 g5 26. Qh6+ Kf7 27. Rxg5 $18) 24. Rxe4 Bc8 (24... g5 25. Re6) (
24... Bxd5 25. Rf4+ $18) 25. Rf4+ Bf5 26. g4 $16 (26. g4 Qg5 27. Nxd6+ Ke7 28.
Nxf5+ $18)) (22... Kg8 $142 $5 23. Qxg6+ (23. Bxg6 Bxd5 $1 24. Bxe8 (24. Rxe8+
Nxe8) 24... Bxc4 $10) 23... Ng7 24. Bf5 $1 {[%csl Ge6]} Bxd5 25. Be6+ Bxe6 26.
Rxe6 Nfe8 (26... d5 27. Nb6 $18) 27. Nxd6 Nxd6 28. Rxd6 $16) 23. Bxg6+ Kg8 (
23... Kf8 24. Re6 $1 Bxd5 25. Rxd6 $18) 24. Re6 $1 $16 {[%csl Gh7][%cal Ye6f6]}
Bxd5 (24... Nxe6 25. dxe6 {[%cal Yg6f7] /\Bf7}) (24... Qf8 25. Rxf6 Qxf6 26.
Bh7+ {[%csl Rf6]} Kf7 27. Nxd6+ Ke7 28. Qxf6+ Kxf6 29. Nxb7 $18) 25. Rxd6 Bxc4
(25... Qe7 26. Rxd5 $1 $18 (26. Rxd5 $1 Qe1+ 27. Kh2 Nxd5 28. Qh7+ Kf8 29. Qh8+
Ke7 30. Qxg7+ {#8 #8})) 26. Rxd8+ Rxd8 27. Qh4 {[%csl Rc4,Rf6]} 1-0

[Event "Baku FIDE GP"]
[Site "Baku"]
[Date "2008.04.24"]
[Round "4"]
[White "Wang, Yue"]
[Black "Cheparinov, Ivan"]
[Result "1-0"]
[WhiteElo "2689"]
[BlackElo "2696"]
[Annotator "Ftacnik,L"]
[PlyCount "115"]
[EventDate "2008.04.21"]
[EventType "tourn"]
[EventRounds "13"]
[EventCountry "AZE"]
[EventCategory "19"]
[SourceTitle "CBM 124"]
[Source "ChessBase"]
[SourceDate "2008.05.28"]
[SourceVersion "1"]
[SourceVersionDate "2008.05.28"]
[SourceQuality "1"]

1. d4 Nf6 2. c4 c5 3. d5 e6 4. Nc3 exd5 5. cxd5 d6 6. e4 g6 7. Bd3 Bg7 8. h3
O-O 9. Nf3 a6 10. a4 Nbd7 11. O-O Re8 12. Re1 Nh5 13. Bg5 Bf6 14. Bh6 {Wang
Yue is indirectly admitting, that even he does not know how white should
obtain the advantage in this position.} (14. Bxf6 Qxf6 15. Bf1 Ne5 16. Nxe5
Qxe5 17. g3 Bd7 18. Qc2 b5 19. axb5 axb5 20. Bxb5 Rxa1 21. Rxa1 Bxb5 22. Nxb5
Nf6 23. Nc3 Nxe4 24. Re1 f5 25. Re3 $13 {1-0 Vyzmanavin,A (2585)-Tataev,M/
Moscow 1990 (42)}) (14. Bd2 Ne5 15. Be2 Nxf3+ 16. Bxf3 Ng7 17. Rb1 Be5 18. b4
b6 19. Qb3 Qh4 20. Nd1 Bd7 21. Bc3 b5 22. axb5 axb5 23. bxc5 dxc5 24. Bxe5 Rxe5
25. Qc3 Qe7 26. Ne3 {1-0 Sjodahl,P (2422)-Agrest,E (2604)/Sweden 2004 (45)})
14... Bg7 15. Bg5 Bf6 16. Be3 Ne5 (16... Qb6 17. Rb1 Qb4 18. g4 Ng7 19. Bd2 $14
) 17. Be2 Nxf3+ (17... Bd7 18. Nd2 b5 19. axb5 axb5 20. Rxa8 Qxa8 21. Bxb5 $14)
18. Bxf3 Ng7 19. Qd2 {The first independent move in this game is hoping to
improve on the older game with a drawish outcome.} (19. a5 Rb8 20. Na4 Bd7 21.
Qd2 Bxa4 22. Rxa4 Qd7 23. Rc4 Qb5 24. Rc2 b6 25. Ra1 bxa5 26. Rxa5 Qb6 {
1/2 Xu Jun (2535)-Chekhov,V (2525)/Beijing 1991 (32)}) 19... Bd7 20. Be2 Rc8
21. Bf4 Bd4 $2 {If the advantage is not possible to obtain with the help of
good play there is an opponent who might help. exceedingly risky concept with
trade of the d6 pawn was presumably an attempt to overtake the initiative.} (
21... Be5 22. a5 Bxf4 23. Qxf4 Re5 $11) (21... Qc7 22. Bg4 Bxg4 23. hxg4 Qd7
$11) 22. Bxd6 Bxh3 23. Bh2 Bd7 24. Bf3 f6 (24... g5 25. e5 g4 26. Bd1 h5 (26...
Qh4 27. Re4 Bf5 28. Rxd4 cxd4 29. Qxd4 $16) 27. Ne4 Bxe5 28. Bxe5 Rxe5 29. Qc3
Rf5 30. Nd6 Rxd5 31. Nxc8 Bxc8 32. Bb3 Rd3 33. Rad1 $16) (24... Qf6 25. d6 Be5
26. Bxe5 Rxe5 27. Be2 $14) 25. d6 $1 {The white pieces are getting a chance to
move to the promissing central squares. The magnificient black bishop is a
weak compensation for the general plight.} Ne6 (25... Qb6 $2 26. Nd5 Qxb2 27.
Qxb2 Bxb2 28. Rab1 Bd4 29. e5 $1 $18) (25... Bc6 26. Ne2 Be5 27. Rad1 Bxh2+ 28.
Kxh2 Qd7 29. a5 $16) 26. e5 Ng5 (26... fxe5 27. Bxe5 (27. Bxb7 Rb8 28. Bd5 Rf8
29. Re2 Rf5 30. Rae1 $14) 27... Qg5 28. Qxg5 Nxg5 29. Bd5+ Kf8 30. Bf4 Nf7 31.
Re7 $1 Rxe7 32. dxe7+ Kxe7 33. Bxb7 $16) 27. Bxb7 Rb8 (27... fxe5 $5 28. Ne2 $1
(28. Bxc8 Bxc8 $14) 28... Rb8 29. Bd5+ Ne6 30. Nxd4 exd4 31. Re4 $16) 28. Bd5+
Kg7 29. Bf4 {[%mdl 2048] At this stage of the game Cheparinov must have been
sorry for his optimistic concept with the demise of the d6-pawn. The pieces of
the Chinese player are performing close to their maximum.} (29. exf6+ Qxf6 30.
Rad1 Rxb2 31. Qxb2 Bxc3 32. Qb7 Rxe1+ 33. Rxe1 Bxe1 34. Qxd7+ Kh6 35. Bg3 $16)
29... Bxe5 (29... Ne6 30. Bg3 $16) 30. Rxe5 Rxe5 31. Bxe5 fxe5 32. Re1 Bf5 {
The position of the defender is dancing smowhere between counterplay and
defense. Unfortunately neither one is functioning properly.} (32... Qf6 33. f4
$1 Qxf4 34. Qxf4 exf4 35. Re7+ Kf6 36. Rxd7 Rxb2 37. Rc7 $18) 33. f4 Nf7 (33...
exf4 34. Re7+ Kh6 35. Qxf4 $18) 34. Bxf7 Kxf7 35. Qd5+ Kg7 36. Rxe5 Qf6 37.
Re7+ (37. Qxc5 Rxb2 38. Qa7+ Kh6 39. Qe7 $18) 37... Kh6 38. Qe5 {After the
swap of queens the central pawns will become unstoppable.} Qxe5 (38... Rf8 39.
d7 $18) 39. fxe5 Rxb2 40. d7 Rd2 41. e6 Bxe6 42. Rxe6 Rxd7 43. Rc6 (43. Rxa6
Rd3 44. Ne4 c4 45. Rc6 Rd4 46. Nc3 $18) 43... Kg5 44. Rxc5+ Kf4 45. Nd5+ {
Wang Yue will demonstrate a very convincing way of converting his material
advantage.} Kg3 (45... Ke5 46. Nb6+ $18) 46. Rc3+ Kh4 47. Nf6 Rd4 48. Rh3+ Kg5
49. Nxh7+ Kg4 50. Ra3 Rf4 51. Kh2 a5 52. Rg3+ Kh5 53. Ng5 Rxa4 54. Nf7 Rg4 55.
Ra3 a4 56. Ne5 Rh4+ 57. Kg1 Re4 58. Nd7 {The fall of the a4 pawn will close
all the pretense of resistance.} 1-0

[Event "WchT 5th"]
[Site "Yerevan"]
[Date "2001.10.18"]
[Round "7.2"]
[White "Dreev, Alexey"]
[Black "Vera Gonzalez Quevedo, Reynaldo"]
[Result "1-0"]
[WhiteElo "2676"]
[BlackElo "2557"]
[Annotator "Ftacnik,L"]
[PlyCount "49"]
[EventDate "2001.10.12"]
[EventType "team-tourn"]
[EventRounds "9"]
[EventCountry "ARM"]
[SourceTitle "CBM 086"]
[Source "ChessBase"]
[SourceDate "2002.02.05"]
[SourceVersion "1"]
[SourceVersionDate "2002.02.05"]
[SourceQuality "1"]
[WhiteTeam "Russia"]
[BlackTeam "Cuba"]
[WhiteTeamCountry "RUS"]
[BlackTeamCountry "CUB"]

1. d4 Nf6 2. c4 e6 3. Nf3 c5 4. d5 d6 5. Nc3 exd5 6. cxd5 g6 7. e4 Bg7 8. Bd3
Bg4 9. Qa4+ Nbd7 10. Nd2 O-O 11. O-O Ne5 12. Bb1 Nh5 (12... g5 13. Re1 Nh5 14.
Nc4 a6 15. Ne3 Nf4 16. Nxg4 Nxg4 17. Qd1 Ne5 18. Ne2 Nxe2+ 19. Qxe2 h6 20. a4
Re8 21. Ra3 f5 22. f4 {1-0 Smyslov,V-Tatai,S/Las Palmas/1972/ (29)}) 13. f3 Bh3
$2 {[%mdl 1024] Very nervous move, Vera is trying to benefit imeediatelly from
the lesser coordination of white's pieces. Unfortunatelly this approach
requires the sacrifice of many pieces without real chance of the perpetual.} (
13... Bd7 14. Qb3 b5 $1 15. f4 Ng4 $15) 14. gxh3 (14. f4 Bd7 15. Qb3 Ng4 $11)
14... Qg5+ 15. Kh1 (15. Kf2 Nf4 16. Ke1 $16) 15... Ng3+ (15... Nf4 16. Rg1 Qh4
17. Qb3 Nxh3 18. Rg3 $18) 16. hxg3 Qxg3 17. Ne2 $1 {This defensive idea might
have slipped black's attention the game is already decided.} (17. Rd1 Nxf3 $40)
17... Qxh3+ 18. Kg1 Ng4 (18... f5 19. exf5 gxf5 20. Qf4 Rf6 21. Qh2 $18) 19.
fxg4 Bd4+ 20. Rf2 (20. Nxd4 $2 Qg3+ 21. Kh1 Qh3+ $11) (20. Qxd4 Qxg4+ 21. Kf2
Qh4+ 22. Ng3 cxd4 23. Nf3 $18) 20... Qxg4+ 21. Kf1 Bxf2 22. Kxf2 f5 23. Nf3 {
White has amassed unbelievable 4 light pieces for the opponent's rook.} Rae8 (
23... fxe4 24. Qxe4 Rxf3+ 25. Qxf3 Rf8 26. Bf4 $18) (23... b5 24. Qc2 Rae8 25.
exf5 Rxf5 26. Nf4 $1 Rxf4 27. Bxf4 Qxf4 28. Qd2 $18) 24. Qd7 Rxe4 (24... Qh5
25. Nf4 Qh1 26. Ne6 Rxe6 27. Qxe6+ Rf7 28. Bf4 $18) 25. Bxe4 1-0